| 000 | 00964nmm a2200313 4500 | ||
|---|---|---|---|
| 005 | 20240912130935.0 | ||
| 007 | cr ||||||||||| | ||
| 008 | 240912t2024 o | cat d | ||
| 041 | _acat | ||
| 041 | _beng | ||
| 041 | _bfre | ||
| 041 | _bspa | ||
| 041 | _bita | ||
| 110 |
_aFundació Barcelona Capital Nàutica _975425 |
||
| 245 |
_aTerminologia de la Copa Amèrica _h[en línia] _cFundació Barcelona Capital Nàutica; TERMCAT, Centre de Terminologia |
||
| 260 |
_aBarcelona _bTERMCAT, Centre de Terminologia _c2024 |
||
| 490 | _aDiccionaris en Línia | ||
| 500 | _aCategoria gramatical, sinònims, remissions, notes, arbre de camp | ||
| 500 | _btermcat | ||
| 520 | _a81 | ||
| 546 | _acatalà | ||
| 592 | _aObra terminològica | ||
| 593 | _aVFA | ||
| 650 | 0 |
_avela _960763 |
|
| 710 |
_aTERMCAT _960609 |
||
| 830 |
_aDiccionaris en Línia _967240 |
||
| 856 | _uhttps://www.termcat.cat/ca/diccionaris-en-linia/323 | ||
| 942 |
_cMO _n0 _2ddc |
||
| 999 |
_c69040 _d69040 |
||